Prénoms et mentions Très bien au bac en 2020 - Statistiques

Statistiques générales
  • Ce quiz a été pris 234 fois
  • Le résultat moyen est 5 sur 20
Statistiques - réponses
Sexe Initiale Ordre Réponse % Correct
Fille J 9 Jeanne
73%
Fille A 7 Alice
47%
Fille I 8 Iris
32%
Garçon E 6 Etienne
30%
Garçon M 10 Martin
28%
Garçon M 9 Mathieu
28%
Garçon G 1 Gaspard
25%
Garçon G 8 Grégoire
22%
Fille A 2 Adèle
21%
Fille J 1 Joséphine
21%
Fille D 6 Diane
20%
Garçon E 3 Emile
19%
Garçon F 5 Félix
17%
Fille G 5 Garance
16%
Garçon T 4 Timothée
16%
Garçon A 7 Alban
13%
Fille A 4 Apolline
12%
Garçon A 2 Augustin
12%
Fille L 10 Lison
4%
Fille A 3 Anouk
2%
Aucun quiz correspondant
Distribution des résultats
% des personnes avec chaque résultat
Percentile par nombre de réponses
Votre historique - résultats
Vous n’avez pas pris ce quiz